Samajik pariwartanar samajtatta (Record no. 6764)

MARC details
000 -LEADER
fixed length control field 00512cam a2200217ua 4500
001 - CONTROL NUMBER
control field 7647
005 - DATE AND TIME OF LATEST TRANSACTION
control field 20260515114235.0
008 - FIXED-LENGTH DATA ELEMENTS--GENERAL INFORMATION
fixed length control field 141218n ii |||gr||||Z||||||asm
020 ## - INTERNATIONAL STANDARD BOOK NUMBER
International Standard Book Number 8173394895
040 ## - CATALOGING SOURCE
Transcribing agency MAIN
041 ## - LANGUAGE CODE
Language code of text/sound track or separate title asm
082 ## - DEWEY DECIMAL CLASSIFICATION NUMBER
Classification number 303.4
100 ## - MAIN ENTRY--PERSONAL NAME
Personal name Saikia, U.,
Relator term Author.
245 1# - TITLE STATEMENT
Title Samajik pariwartanar samajtatta
Statement of responsibility, etc. By Utpal Saikia
250 ## - EDITION STATEMENT
Edition statement 1st.
260 ## - PUBLICATION, DISTRIBUTION, ETC.
Place of publication, distribution, etc. Dibrugarh:
Name of publisher, distributor, etc. Banalata,
Date of publication, distribution, etc. 2014.
300 ## - PHYSICAL DESCRIPTION
Extent 326p.
653 ## - INDEX TERM--UNCONTROLLED
Uncontrolled term Social processes
653 ## - INDEX TERM--UNCONTROLLED
Uncontrolled term Social change
942 ## - ADDED ENTRY ELEMENTS (KOHA)
Koha item type Books
Holdings
Withdrawn status Lost status Damaged status Not for loan Home library Current library Shelving location Date acquired Total checkouts Full call number Barcode Date last seen Date last checked out Copy number Price effective from Koha item type
        Naharkatiya College Library Naharkatiya College Library General stacks 09/19/2020 1 303.4 | SAI 22632 10/16/2023 09/26/2023 2 09/19/2020 Books
        Naharkatiya College Library Naharkatiya College Library General stacks 09/19/2020   303.4 | SAI 22633 09/19/2020   1 09/19/2020 Books